| 000 | 00644nam a22001937a 4500 | ||
|---|---|---|---|
| 005 | 20150623123846.0 | ||
| 010 | _aENG-112875 | ||
| 020 |
_c200.00 _a9788172764388 |
||
| 035 | _aEN-96407 | ||
| 037 | _bDBAD/PUB | ||
| 082 | _a181.45 | ||
| 100 | _aDesai, Priyavadan | ||
| 245 |
_aBhagavad Gita : _cby Priyavadan Desai ; translated by Mahendra Pandia _bencyclopedia of management principles and scientific living / |
||
| 260 |
_aMumbai _bBharatiya Vidya Bhawan _c2010 |
||
| 270 |
_aKulapati Munshi Marg, _bMumbai _e400007 |
||
| 300 |
_axxxvi,259p. _c22cm(pbk) |
||
| 700 | _aPandia, Mahendra | ||
| 942 |
_2ddc _cEN _mDES _h181.45 |
||
| 999 |
_c93352 _d93352 |
||